| 000 | 00592nam a2200169 i 4500 | ||
|---|---|---|---|
| 001 | 107034 | ||
| 003 | ES-MaACL | ||
| 005 | 20230906184332.0 | ||
| 007 | t| | ||
| 008 | 061121s1931 sp r ||||1| spa d | ||
| 100 | 1 |
_aMorales, Ascensio de. _9130142 |
|
| 245 | 1 | 4 |
_aUna visita de archivos en el siglo dieciocho en Plasencia, 1753 / _cAscensio Morales ; correspondencia publicada por Antonio R. Rodríguez Moñino. |
| 260 |
_aBadajoz : _bCentro de Estudios Extremeños, _c1931. |
||
| 300 |
_a40 p. ; _c26 cm. |
||
| 700 | 1 |
_aRodríguez-Moñino, Antonio. _998681 |
|
| 852 |
_aES-MaACL _j1684-F-16 |
||
| 999 |
_c107034 _d107034 |
||